MARC

LEADER 00000nam0a2200000 4500
001 168517
005 20231101222750.0
035 |a (RuTPU)RU\TPU\book\182830 
035 |a RU\TPU\book\155477 
090 |a 168517 
100 |a 20091028d2009 k y0rusy50 ca 
101 0 |a rus 
102 |a RU 
105 |a ac iz 001zy 
200 1 |a Газпром. Годовой отчет 2008 
210 |a Москва  |c Газпром  |d 2009 
215 |a 116 с.  |c ил., портр. 
320 |a Глоссарий основных понятий и сокращений: с. 79-81. 
606 |a Газпром  |2 stltpush  |3 (RuTPU)RU\TPU\subj\64473  |9 81366 
610 1 |a газовая промышленность 
610 1 |a предприятия 
610 1 |a годовые отчеты 
610 1 |a итоги 
610 1 |a социальная политика 
610 1 |a окружающая среда 
610 1 |a акционеры 
610 1 |a инвесторы 
610 1 |a экология 
610 1 |a экономика 
675 |a 622.324.012:658  |v 3 
801 1 |a RU  |b 63413507  |c 20060919  |g PSBO 
801 2 |a RU  |b 63413507  |c 20091105  |g PSBO 
942 |c BK